00477nam a2200121Ia 4500008004100000100002900041245008000070245003000150260000900180856007400189999001900263952007300282160531s9999 xx 000 0 und d aLandrum, Michele Angell. aFast Facts For The Critical Care Nurse: Critical Care Nursing In A Nutshell cBy:Michele Angell Landrum c2011 uhttp://file.ebook777.com/017/FasFacForTheCriCarNurCriCarNurInANut.pdf c295509d295509 001040aCLbCLd2016-05-31l0r2016-05-31 00:00:00w2016-05-31yCBE